000 00842nam a2200229Ia 4500
005 20250108124739.0
008 008 250107s9999 xx 000 0 hin d
020 _a978-0-670-09025-9
037 _aTB
040 _aCRL
_bhin
_cCRL
041 _ahin
_2hin
084 _aO122,3N40w Q0
084 _qCRL
100 _aराजेश, (अडेलट काउंसिलिग), ले.
_9729678
245 0 _aविश्वविद्यालय से समुदाय तक
_cराजेश, (अडेलट काउंसिलिग), ले.
260 _aदिल्ली, भारत
_bविश्वविद्यालय
_c2040
300 _a103पृ0
365 _aINR
_b0
650 _aशिक्षाशास्त्र
942 _cTB
_hO122,3N40w Q0
999 _c1234428
_d1234428